| 000 | 00423cam a2200181ua 4500 | ||
|---|---|---|---|
| 020 | _cRs 4.50 | ||
| 041 |
_ahin _h |
||
| 082 |
_a891.54 _bPRA/SA |
||
| 100 | _aPrabhukar, Machve. | ||
| 245 |
_aSantulan / _cPrabhukar Machve. _hTextual Documents |
||
| 250 |
_a1 / _b. |
||
| 260 |
_a : _bAtmaram and Sons , _c1954. |
||
| 300 | _a192 ; . | ||
| 365 | _aRs 4.50 | ||
| 504 | _a | ||
| 942 | _cBK | ||
| 999 |
_c3677 _d3677 |
||